Ley antilavado de dinero 2014

Detalles Bibliográficos
Autor principal: Baltazar Mancilla, Manuel
Otros Autores: Bornacini Hervella, Honor ̌A, Romero Said, Vicente
Formato: eBook
Lenguaje:español
Publicado: Mx̌ico DF: Mx̌ico Fiscal, 2014
Materias:
Acceso en línea:Acceso restringido

MARC

LEADER 00000nam a22000007a 4500
005 20140501215447.0
007 cr|||| ||||
008 140501s2014 mx |||||s|||| 00||0 spa d
035 |a 12086 
040 |a vLex 
090 |c 4881  |d 4881 
100 1 |a Baltazar Mancilla, Manuel 
245 1 0 |a Ley antilavado de dinero 2014  |h [Recurso electrn̤ico] /  |c Manuel Baltazar Mancilla, Honor ̌A. Bornacini Hervella, Vicente Romero Said 
256 |a Servicio en ln̕ea 
260 |a Mx̌ico DF:  |b Mx̌ico Fiscal,  |c 2014 
300 |a 1 recurso electrn̤ico 
506 1 |a Disponible solo en los productos indicados  |d vLex Global  |d vLex Global (Academic Edition, excluding Law Schools)  |d vLex Global (U.S. Academic Edition, Law Schools)  |d vLex Global (U.S. Academic Edition, excluding Law Schools)  |d vLex Global (Academic Edition, Law Schools) 
650 0 4 |a Derecho Fiscal  |z Mx̌ico 
650 0 4 |a Lucha contra el fraude y la evasin̤ fiscal  |z Mx̌ico 
700 1 |a Bornacini Hervella, Honor ̌A. 
700 1 |a Romero Said, Vicente 
740 0 |a vLex Libros (Servicio en ln̕ea) 
856 4 0 |u http://vlex.com/source/ley-antilavado-de-dinero-2014-12086  |z Acceso restringido 
942 |c BOOK 
999 0 |a Tax Law 
999 0 |a The fight against fraud and tax evasion